000 00489ntaaa2200193 4500
003 01
005 20251027202056.0
008 0714s1973 ag 01
040 _aAR-BaBN
_bspa
_cAR-BaBN
_eaacr
_dRIC
082 _a252.0000 K12
100 _aKallenbach, Walter D
245 _aThat men may see
250 _a1 ed.
260 _aSaint Paul, Minnesota :
_bNorthland Publishing House,
_c1940
300 _a188 p
500 _aUna serie de sermones
650 _asermones
_9362
942 _cBK
999 _c15589
_d15589